CLINICAL DOPPLER ULTRASOUND (Record no. 19698)

MARC details
000 -LEADER
fixed length control field 00354nam a22001577a 4500
003 - CONTROL NUMBER IDENTIFIER
control field SGT
020 ## - INTERNATIONAL STANDARD BOOK NUMBER
International Standard Book Number 978-0-7020-5015-2
082 ## - DEWEY DECIMAL CLASSIFICATION NUMBER
Classification number 616.0757
Item number C14P
100 ## - MAIN ENTRY--PERSONAL NAME
Personal name POZNIAK, MYRON A.
245 ## - TITLE STATEMENT
Title CLINICAL DOPPLER ULTRASOUND
250 ## - EDITION STATEMENT
Edition statement 3RD
260 ## - PUBLICATION, DISTRIBUTION, ETC. (IMPRINT)
Place of publication, distribution, etc EDINBURGH
Name of publisher, distributor, etc CHURCHILL PUB
Year of Publication 2014
300 ## - PAGE DESCRIPTION
No. of Pages 390
650 ## - SUBJECT ADDED ENTRY--TOPICAL TERM
Topical term or geographic name as entry element RADIOLOGY
942 ## - ADDED ENTRY ELEMENTS (KOHA)
Source of classification or shelving scheme Dewey Decimal Classification
Koha item type Books
Holdings
Withdrawn status Lost status Source of classification or shelving scheme Damaged status Not for loan Collection code Home library Current library Shelving location Date acquired Vendor Name Cost, normal purchase price SGTU Bill Number Total Checkouts Full call number Accession No. (Barcode) Date last seen Bill Date Koha item type
    Dewey Decimal Classification   Not For Loan MEDICAL SGT Medical Library SGT Medical Library Reference Book 08/01/2020 ABC DELHI 0.00 SGTU 11626   616.0757 C14P FM12115 08/01/2020 27/11/2019 Books
    Dewey Decimal Classification   Not For Loan MEDICAL SGT Medical Library SGT Medical Library Reference Book 08/01/2020 ABC DELHI 0.00 SGTU 11626   616.0757 C14P FM12116 08/01/2020 27/11/2019 Books